00601nam a2200169Ia 4500008004100000020001500041041000800056082001500064100006100079245004400140250000600184260004200190300001000232650003800242999001900280952013200299210716s2005 xx 000 0 und d a9812532366 aeng a519.4 YANW aYang, Won Young;Cao, Wenwu;Chung, Tae Sang;Morris, John. aApplied numerical methods using matlab. a2 aNew JerseybJohn Wiley and Sonsc2005 axi509 aApplied Numerical Analysis(519.4) c190329d190329 00102ddc40738MCAaAIMITbAIMITeCurrent Booksg366.75l0o519.4 YANWpMCA09837r2025-07-21 00:00:00v264.06w2021-07-16yBK